• 首页
  • 本馆介绍
  • 公告通知
  • 最新文献
  • 馆藏检索
  • 电子资源
  • 读者导购
  • 参考咨询
  • 我的图书馆
  • 登录
  • 详细信息显示
  • 放入我的书架
  • 预约/预借图书
  • 作者相关作品
  • 分类相关作品
  • 丛书相关作品
  • 出版社相关作品

书目信息

  • 表格格式
  • 工作单格式
  • 卡片格式
题名:
自我心理保健
    
 
作者: 景怀斌
分册:  
出版信息: 广州   暨南大学出版社  2005
页数: 203
开本: 26cm
丛书名: 应用心理学丛书
单 册:
中图分类: R161 , B849
科图分类:
主题词: 应用心理学
电子资源:
ISBN: 7-81079-525-2
000 00584nam0 2200217 450
001 1550511861
005 20150201101604.48
010    @a7-81079-525-2@d¥25.00
100    @a20070817d km y0chiy0120 ea
101 0  @achi
200 1  @a自我心理保健@Azi wo xin li bao jian@f景怀斌@Fjing huai bin
210    @a广州@c暨南大学出版社@d2005
215    @a203@d26cm
225 2  @a应用心理学丛书
410  0 @12001 @a应用心理学丛书
606 0  @a应用心理学
690    @aR161@v3
690    @aB849@v4
701  0 @a景怀斌@Ajing huai bin
801  0 @aCN@bPFT@c20070817
905    @aZUCC@dB849@eJY60
    
    自我心理保健/景怀斌.-广州:暨南大学出版社,2005
    203;26cm.-(应用心理学丛书)
    
    
    ISBN 7-81079-525-2:¥25.00
    
●
相关链接 在E读中查询图书 在五车中查询图书 在当当中查询图书 在豆瓣中查询图书


正题名:自我心理保健     索取号:B849/JY60         预约/预借

序号 登录号 条形码 馆藏地/架位号 状态 备注
1 7857167   278571671   学院路分馆/ [索取号:B849/JY60] 在馆    
唐山师范学院图书馆 欢迎您!
大连网信软件有限公司© 版权所有